书目信息 |
| 题名: |
高温传热学
|
|
| 作者: | 屠传经 编著 | |
| 分册: | ||
| 出版信息: | 杭州 浙江大学出版社 1997.03 |
|
| 页数: | 383页 | |
| 开本: | 16开 | |
| 丛书名: | ||
| 单 册: | ||
| 中图分类: | O522 | |
| 科图分类: | ||
| 主题词: | 高压物理学 , 高温物理学 | |
| 电子资源: | ||
| ISBN: | 7-308-01689-7 | |
| 000 | 00573nam0 2200205 45 | |
| 001 | 0010061758 | |
| 005 | 20001006173359.2 | |
| 010 | @a7-308-01689-7@d28.00元 | |
| 100 | @a20001006d1997 km y0chiy0120 ea | |
| 101 | 0 | @achi |
| 105 | @a z 000yy | |
| 200 | 1 | @a高温传热学@AGao Wen Chuan Re Xue@f屠传经等编著@FTu Chuan Jing Deng Bian Zhu |
| 210 | @a杭州@c浙江大学出版社@d1997.03 | |
| 215 | @a383页@d16开 | |
| 606 | 0 | @a高压物理学 |
| 606 | 0 | @a高温物理学 |
| 690 | @aO522@v3 | |
| 701 | 0 | @a屠传经@4编著 |
| 801 | @aCN@bPftUser@c20001006 | |
| 905 | @b169254-258@dO522@eT341@f5 | |
| 高温传热学/屠传经等编著.-杭州:浙江大学出版社,1997.03 |
| 383页;16开 |
| ISBN 7-308-01689-7:28.00元 |
| ● |
| 相关链接 |
|
|
|
正题名:高温传热学
索取号:O522/T341
 
预约/预借
| 序号 | 登录号 | 条形码 | 馆藏地/架位号 | 状态 | 备注 |
| 1 | 169254 | 201692542 | 自科库401/401自科库 59排4列2层/ [索取号:O522/T341] | 在馆 | |
| 2 | 169255 | 201692551 | 自科库401/401自科库 59排4列2层/ [索取号:O522/T341] | 在馆 | |
| 3 | 169256 | 201692560 | 自科库401/401自科库 59排4列2层/ [索取号:O522/T341] | 在馆 | |
| 4 | 169257 | 201692579 | 自科库401/401自科库 59排4列2层/ [索取号:O522/T341] | 在馆 | |
| 5 | 169258 | 201692588 | 自科库401/401自科库 59排4列2层/ [索取号:O522/T341] | 在馆 |